000
00329nam a22001337a 4500
008
170322b xxu||||| |||| 00| 0 eng d
020
_a
080891278x
041
_a
eng
080
_a
616.12-008-073
100
_a
7
101
_a
shm
245
_a
SURGERY FOR THE COMPLICATIONS OF MYOCARDIAL INFARCTION
_c
MORAN, J.M
942
_2
udc
_c
BK
999
_c
8307
_d
8307